Quizzes
Events
Quiz Creation
Community
Videos
Private Events
Remove Ads
Sign In
Join for FREE
Feedback
Dark Mode
Quiz Categories
Sports
Geography
Music
Movies
Television
Just For Fun
Miscellaneous
History
Literature
Language
Science
Gaming
Entertainment
Religion
Holiday
For Kids
Quiz Lab
Recent
Popular Today
Quiz Kudos Today
Editor Picks
Curator Picks
Quizzes by...
Day
Popularity
Type
Ratings
Length
Year
Community
Subscriptions
Recent Discussions
Orange Saloon
Badges
Playlists
Quests
Create
Leaderboards
Showdown
Live 5
Trivia Bingo
Activity
Puzzle Library
Sporcle Events
Private Events
Virtual Trivia
Globe League
Become a Host
Pub Owners
SporcleCon
Opinionation
Our Games
Videos
Blog
Mobile Apps
Partnerships
Remove Ads and Go Orange
Feedback
Miscellaneous
Crossword
General Knowledge
Baby Names
Logo
Food
Cars
Numbers
Grab Bag
University
College
Popular
Company
Slogans
Restaurants
Justice
Letter
Miscellaneous
Crossword
General Knowledge
Baby Names
Logo
Food
Cars
Numbers
Grab Bag
University
College
Popular
Company
Slogans
Restaurants
Justice
Letter
Random Quiz
Search Sporcle
×
Quiz Lab
Quiz Lab
Miscellaneous
100 Most
Type in answers that appear in a list
Type in answers that appear in a list
Classic
Best Score? Go Orange.
100 Most Visited Wikipedia Articles (2009) Stats
Can you name the 100 Most Visited Wikipedia Articles?
By
jmorse6
15m
100 Questions
905 Plays
905 Plays
905 Plays
Comments
Comments
Give Quiz Kudos
Give Quiz Kudos
-
- Ratings
hide this ad
More Info
Replay
Link that replays current quiz
Next Quiz
Link to next quiz in quiz playlist
You Got
0%
They Got
Avg Score
15%
Avg Friend Score
Upgrade to see
Score Distribution
Jump to the score distribution portion of the page
Score
0/100
Timer
15:00
0
Plays Today
Rank
Page Title
% Correct
9.
United States
82%
7.
Barack Obama
77%
23.
United Kingdom
67.4%
76.
China
64.4%
79.
France
59.6%
3.
Michael Jackson
58.3%
34.
Canada
57.8%
38.
Japan
56.1%
57.
Germany
51.9%
97.
Mexico
50.9%
84.
Russia
49.1%
18.
India
46.5%
33.
Australia
43.1%
21.
Sex
41.5%
1.
Wiki
39.3%
27.
Lady GaGa
31.7%
60.
Google
31.6%
17.
Adolf Hitler
30.8%
12.
World War II
30.7%
35.
World War I
29.7%
6.
Wikipedia
27.1%
10.
Facebook
26%
2.
The Beatles
22.8%
24.
Abraham Lincoln
22.3%
51.
Penis
21.2%
59.
Isreal
20.9%
100.
Pornography
20.3%
36.
Vagina
20.1%
87.
Vietnam War
17.9%
40.
Miley Cyrus
17.2%
64.
New York City
17.2%
61.
George W. Bush
16.8%
43.
Twilight (2008 film)
15.8%
74.
Twilight (novel)
15.8%
Rank
Page Title
% Correct
78.
MySpace
14.6%
13.
Twitter
14.4%
22.
Rhianna
14.1%
5.
YouTube
14%
77.
American Idol
12.4%
41.
Robert Pattinson
11.6%
T-
31.
Megan Fox
9.8%
98.
Batman
9.3%
95.
The Dark Knight (film)
8.5%
45.
House (TV series)
8.3%
66.
Taylor Swift
7.6%
16,
Lil Wayne
6.7%
62.
Global Warming
6.3%
55.
William Shakespeare
6.1%
49.
2012
6%
92.
Family Guy
6%
73.
Anal sex
5.7%
86.
Jonas Brothers
5.7%
58.
Swine flu
5%
8.
Deaths in 2009
4.1%
54.
Masturbation
4.1%
28.
Star Trek (film)
3.9%
47.
Kristen Stewart
3.5%
56.
Farrah Fawcett
3.5%
65.
Tupac Shakur
3.4%
88.
Kim Kardashian
3.3%
19.
Transformers 2
3.2%
39.
Martin Luther King Jr.
3%
67.
Henry VIII of England
2.9%
48.
Internet Movie Database
2.8%
80.
Metallica
2.8%
69.
Sexual intercourse
2.7%
25.
Heroes (TV series)
2.4%
53.
Lis of sex positions
2.3%
Rank
Page Title
% Correct
90.
Selena Gomez
2.2%
70.
The Notorious B.I.G.
2.1%
94.
Hotmail
2.1%
44.
Windows 7
1.9%
20.
Scrubs (TV series)
1.8%
11.
Current events portal
1.5%
37.
List of House episodes
1.5%
15,
Slumdog Millionaire
1.4%
26.
Watchmen (film)
1.4%
14,
Transformers: Revenge of the Fallen
1.2%
T-
31.
Naruto
1.1%
75.
Natasha Richardson
1%
52.
List of Presidents of the United States
0.9%
83.
Bleach (magna)
0.9%
91.
Wolverine (comics)
0.9%
96.
America's Next Top Model
0.9%
4.
Favicon.ico
0.8%
42
Deadpool (comics)
0.7%
68.
Jade Goody
0.7%
71.
Human penis size
0.7%
46.
Terminator Salvation
0.6%
63.
Wikipedia about page
0.6%
72.
2009 in film
0.6%
93.
Valentine's Day
0.4%
30.
Featured content portal
0.3%
82.
List of Family Guy episodes
0.3%
85.
Mickey Rourke
0.3%
89.
Lost (season 5)
0.3%
99.
List of Heroes episodes
0.3%
29.
2009 Swine Flu outbreak
0.2%
50.
X-Men Origins: Wolverine
0.2%
81.
Relapse (album)
0.2%
Quiz Playlist
Details
Report
Send in Message
Add To Playlist
More Info:
This game is of the top page views on Wikipedia in the year 2009, sorted by views/day. Statistics furnished by Wikistics.
Classic:
Type in answers that appear in a list
Quiz Source
Last Updated: Dec 18, 2018
Quiz Scoreboard
CHALLENGE
Sign Up to Join the Scoreboard
Show All
Scores
Hide
Comments
May contain spoilers
Recently Published
Street Fighter Characters
by Artimus82
Gaming
60s
9x9 Crossword: Cartoon Network
by jackfrog10
Miscellaneous
3m
College Basketball Coaching Resumes
by pancakes188
Sports
9m
More to Explore
Quiz From the Vault
Featured Blog Post
Where Did the Easter Bunny Come From?
hide this ad
You Might Also Like...
Tags
100
100 Most
2009
article
page
View
Visited
Wikipedia
Today's Top Quizzes in Miscellaneous
Browse Miscellaneous
hide this ad
Today's Top Quizzes in 100 Most
Browse 100 Most
Top Contributed Quizzes in Miscellaneous
1
5-to-1: Fast Food
2
The JOE quick-fire general knowledge quiz: Day 174
3
The JOE quick-fire general knowledge quiz: Day 173
4
5-to-1: Cocktails
5
The JOE quick-fire general knowledge quiz: Day 172
6
Sunday Crossword: Famous Bodies of Water
7
9x9 Crossword: Disney Movie Titles
8
The JOE quick-fire general knowledge quiz: Day 171
9
Named After an Animal - Odd One Out!
10
One Thing in Common: United Kingdom II
Explore More
Trending Topics
Anime
NBA
Crossword
Kpop
Harry Potter
Marvel
Disney
Country
The Office
Puzzle
Song
NFL
WWE
Soccer
Pokémon
hide this ad
More By:
jmorse6
Quiz
Plays
Rating
Category
Featured
Created
100 Most Visited Wikipedia Articles (2009)
905
3.30
Miscellaneous
Mar 25, 2010
Defunct MLB Teams
159
3.33
Sports
Mar 21, 2010
Last to wear Red Sox numbers
115
4.40
Sports
Apr 1, 2010
Current MLS stadiums
114
4.33
Sports
Mar 25, 2010
Last to wear #42 by team
63
5.00
Sports
Apr 29, 2010
Go to Creator's Profile
Score Distribution
Quiz Creator Spotlight
jmorse6
Follow
Send a Message
Quizzes Created
-
Created Quiz Play Count
-
More By This Creator
Popular Quizzes Today
1
Find the US States - No Outlines Minefield
2
Find the Countries of Europe - No Outlines Minefield
3
The Countries of the World
4
Find the US States
5
Risky Map Clicking: Biggest States A-Z
6
US States
7
Popular People in 1961
8
Movies - When Are They Set?
More Miscellaneous Quizzes
Alternative Kitchen Definitions
Curator's Pick
Trending Quizzes
Risky Map Clicking: Least Populous States A-Z
1-10 Letter G Words
Risky Map Clicking: Next State Alphabetically
Adjectives in 80s TV Shows
The Seven Year Switch: Catherine
Recently Updated
Leaping Animals
pecheneg
Reality TV Shows (A-Z)
bhenderson79
Rickey Henderson's Hall of Fame Teammates
pecheneg
Champions League XIs: Arsenal
pecheneg
Quick Pick: Celebrities in WWE's Hall of Fame
aduchscher
A-Z Keypad Blitz II
pecheneg
Multiple Oscar Actors
pecheneg
Mystery Phrase Blitz: Oscar 'Best Actors'
pecheneg
F. Scott Fitzgerald Novels
LTH
Pick 3 Villains
ddd62291
Trending Topics
Disney
NBA
Crossword
Marvel
Harry Potter
Kpop
Anime
Soccer
The Office
NFL
Song
WWE
Pokémon
Country
Puzzle
Your Account Isn't Verified!
In order to create a playlist on Sporcle, you need to verify the email address you used during registration. Go to your
Sporcle Settings
to finish the process.
Report this User
Report this user for behavior that violates our
Community Guidelines
.
Details:
Send Report
Go to the Sporcle.com Mobile Site →
Comments